<?xml version="1.0" encoding="UTF-8"?>
<collection xmlns="http://www.loc.gov/MARC21/slim">
 <record>
  <leader>01710nam a22002657a 4500</leader>
  <controlfield tag="001">NCT_36026</controlfield>
  <controlfield tag="008">180522b        xxu||||| |||| 00| 0 vie d</controlfield>
  <datafield tag="999" ind1=" " ind2=" ">
   <subfield code="c">1737</subfield>
   <subfield code="d">1737</subfield>
  </datafield>
  <datafield tag="020" ind1=" " ind2=" ">
   <subfield code="c">96000</subfield>
  </datafield>
  <datafield tag="082" ind1="0" ind2="4">
   <subfield code="2">23rd ed.</subfield>
   <subfield code="a">621.51</subfield>
   <subfield code="b">H103</subfield>
  </datafield>
  <datafield tag="100" ind1="1" ind2=" ">
   <subfield code="a">Trần Ngọc Hải</subfield>
   <subfield code="e">Chủ biên</subfield>
  </datafield>
  <datafield tag="245" ind1="1" ind2="0">
   <subfield code="a">Giáo trình Hệ thống truyền động thủy lực và khí nén</subfield>
   <subfield code="c">Trần Ngọc Hải, Trần Xuân Tùy</subfield>
  </datafield>
  <datafield tag="250" ind1=" " ind2=" ">
   <subfield code="a">Tái bản</subfield>
  </datafield>
  <datafield tag="260" ind1=" " ind2=" ">
   <subfield code="a">H.</subfield>
   <subfield code="b">Xây dựng</subfield>
   <subfield code="c">2014</subfield>
  </datafield>
  <datafield tag="300" ind1=" " ind2=" ">
   <subfield code="a">259tr.</subfield>
   <subfield code="b">Minh họa</subfield>
   <subfield code="c">27cm</subfield>
  </datafield>
  <datafield tag="520" ind1="3" ind2=" ">
   <subfield code="a">Trình bày về cấu trúc, nguyên lí hoạt động, sơ đồ kết cấu và các tính toán cơ bản về truyền động thuỷ lực và truyền động - điều khiển khí nén.</subfield>
  </datafield>
  <datafield tag="653" ind1=" " ind2=" ">
   <subfield code="a">Công nghệ Kỹ thuật Ô tô</subfield>
  </datafield>
  <datafield tag="700" ind1="1" ind2=" ">
   <subfield code="a">Trần Xuân Tùy</subfield>
  </datafield>
  <datafield tag="942" ind1=" " ind2=" ">
   <subfield code="2">ddc</subfield>
   <subfield code="c">BK</subfield>
  </datafield>
  <datafield tag="952" ind1=" " ind2=" ">
   <subfield code="0">0</subfield>
   <subfield code="1">0</subfield>
   <subfield code="2">ddc</subfield>
   <subfield code="4">0</subfield>
   <subfield code="6">621_510000000000000_H103</subfield>
   <subfield code="7">0</subfield>
   <subfield code="9">8441</subfield>
   <subfield code="a">000001</subfield>
   <subfield code="b">000001</subfield>
   <subfield code="d">2018-05-22</subfield>
   <subfield code="o">621.51 H103</subfield>
   <subfield code="p">MD.10593</subfield>
   <subfield code="r">2018-05-22</subfield>
   <subfield code="v">96000.00</subfield>
   <subfield code="w">2018-05-22</subfield>
   <subfield code="y">BK</subfield>
  </datafield>
  <datafield tag="952" ind1=" " ind2=" ">
   <subfield code="0">0</subfield>
   <subfield code="1">0</subfield>
   <subfield code="2">ddc</subfield>
   <subfield code="4">0</subfield>
   <subfield code="6">621_510000000000000_H103</subfield>
   <subfield code="7">0</subfield>
   <subfield code="9">8442</subfield>
   <subfield code="a">000001</subfield>
   <subfield code="b">000001</subfield>
   <subfield code="d">2018-05-22</subfield>
   <subfield code="o">621.51 H103</subfield>
   <subfield code="p">MD.10594</subfield>
   <subfield code="r">2018-05-22</subfield>
   <subfield code="v">96000.00</subfield>
   <subfield code="w">2018-05-22</subfield>
   <subfield code="y">BK</subfield>
  </datafield>
  <datafield tag="952" ind1=" " ind2=" ">
   <subfield code="0">0</subfield>
   <subfield code="1">0</subfield>
   <subfield code="2">ddc</subfield>
   <subfield code="4">0</subfield>
   <subfield code="6">621_510000000000000_H103</subfield>
   <subfield code="7">0</subfield>
   <subfield code="9">8443</subfield>
   <subfield code="a">000001</subfield>
   <subfield code="b">000001</subfield>
   <subfield code="d">2018-05-22</subfield>
   <subfield code="o">621.51 H103</subfield>
   <subfield code="p">MD.10595</subfield>
   <subfield code="r">2018-05-22</subfield>
   <subfield code="v">96000.00</subfield>
   <subfield code="w">2018-05-22</subfield>
   <subfield code="y">BK</subfield>
  </datafield>
  <datafield tag="952" ind1=" " ind2=" ">
   <subfield code="0">0</subfield>
   <subfield code="1">0</subfield>
   <subfield code="2">ddc</subfield>
   <subfield code="4">0</subfield>
   <subfield code="6">621_510000000000000_H103</subfield>
   <subfield code="7">0</subfield>
   <subfield code="9">8444</subfield>
   <subfield code="a">000001</subfield>
   <subfield code="b">000001</subfield>
   <subfield code="d">2018-05-22</subfield>
   <subfield code="o">621.51 H103</subfield>
   <subfield code="p">MD.10596</subfield>
   <subfield code="r">2018-05-22</subfield>
   <subfield code="v">96000.00</subfield>
   <subfield code="w">2018-05-22</subfield>
   <subfield code="y">BK</subfield>
  </datafield>
  <datafield tag="952" ind1=" " ind2=" ">
   <subfield code="0">0</subfield>
   <subfield code="1">0</subfield>
   <subfield code="2">ddc</subfield>
   <subfield code="4">0</subfield>
   <subfield code="6">621_510000000000000_H103</subfield>
   <subfield code="7">0</subfield>
   <subfield code="9">8463</subfield>
   <subfield code="a">000001</subfield>
   <subfield code="b">000001</subfield>
   <subfield code="d">2018-05-22</subfield>
   <subfield code="o">621.51 H103</subfield>
   <subfield code="p">MD.10681</subfield>
   <subfield code="r">2018-05-22</subfield>
   <subfield code="v">96000.00</subfield>
   <subfield code="w">2018-05-22</subfield>
   <subfield code="y">BK</subfield>
  </datafield>
  <datafield tag="980" ind1=" " ind2=" ">
   <subfield code="a">Thư viện Trường Đại học Nam Cần Thơ</subfield>
  </datafield>
 </record>
</collection>
